000 00218nam a22000857a 4500
008 170605b xxu||||| |||| 00| 0 eng d
100 _93267
_aGadgil. G
245 _aTo each a Thief
260 _aNew Delhi
_bSathiy academy
_c1997
999 _c6581
_d6581